000 00881cam a22001934a 4500
005 20250605164036.0
008 250528s ||||||||||||||||||||||||d
035 _a16815
020 _a40040101
040 _aGR-AtMCL
_bgre
_dGR-AtMCL
_eAACR2
245 1 _aFinancial Executive's Handbook
260 _bDon Jones-Irwin,
_c1970
300 _a1318
520 _aList of Exhibits, The Financial Executive as a Member of the Top Management Team, The Financial Executive as the Administrator of a Major Corporate Function, Financial and Economic Analysis, Planning and Budgeting, Information Technology, Control and Measurement and Reporting and Evaluation of Operations, Asset Management and Control, Financial Structure, Financial Accounting Policies, External Relations, Index.
700 1 _aVancil Richard F
_92909
942 _cBK
999 _c2274
_d2274